000 00662nam a22001817a 4500
003 0
005 20160609170347.0
008 101230t xxu||||| |||| 00| 0 eng d
040 _aBUAC
_cBEPAC
100 _aKoukpodé , Bruno
_913436
130 _lfr
_913437
245 _aEffets comparés de la densité de mise en charge sur les performances de croissance de CLARIAS sur les performances de croissance Longifilis dans les WHEDO (Trous à poissons traditionnels )de la vallée de l'Ouémé
260 _aAbomey-Calavi
_bEPAC-CAP
_c2006
300 _a35p.
650 _aPERFORMANCE
_bCROISSANCE
_913438
700 _aFiogbe, Emile Didier
_913439
942 _cTHE
999 _c48811
_d48811